000
00327 a2200157 4500
001
168066
020
_a
040
_c
Magnum
100
_a
Barbosa, Jose Juvencio
240
1
0
_a
Alfabetizacao e leitura
_l
por
245
1
0
_a
Alfabetizacao e leitura
362
0
_a
1899
440
1
_a
Cortez
697
_a
ENSINO
942
_c
BK
999
_c
168066
_d
168066